history of Aryan rule in India (Record no. 394730)

MARC details
000 -LEADER
fixed length control field 00366 a2200133 4500
000 - LEADER
fixed length control field nam a22 7a 4500
100 ## - MAIN ENTRY--PERSONAL NAME
Personal name Havell, Ernest Binfield
110 ## - MAIN ENTRY--CORPORATE NAME
Corporate name or jurisdiction name as entry element Havell, Ernest Binfield
245 ## - TITLE STATEMENT
Title history of Aryan rule in India
250 ## - EDITION STATEMENT
Edition statement Latest edition
260 ## - PUBLICATION, DISTRIBUTION, ETC.
Name of publisher, distributor, etc. Shri Sai Printographers
Date of publication, distribution, etc. 2025
264 ## - PRODUCTION, PUBLICATION, DISTRIBUTION, MANUFACTURE, AND COPYRIGHT NOTICE
Name of producer, publisher, distributor, manufacturer Shri Sai Printographers
Date of production, publication, distribution, manufacture, or copyright notice 2025
942 ## - ADDED ENTRY ELEMENTS (KOHA)
Koha item type Books
Holdings
Date last seen Total checkouts Barcode Cost, replacement price Price effective from Koha item type Lost status Source of classification or shelving scheme Damaged status Not for loan Withdrawn status Home library Current library Date acquired Source of acquisition Cost, normal purchase price
05/02/2026   438185 2995.00 05/02/2026 Books   Dewey Decimal Classification       VIVEKANANDA LIBRARY VIVEKANANDA LIBRARY 05/02/2026 19 2246.25
© Designed and Maintained by Vivekananda Library, MDU Rohtak